| 000 -LEADER |
| fixed length control field |
01437cam a2200289 a 4500 |
| 001 - CONTROL NUMBER |
| control field |
.b26061016 |
| 003 - CONTROL NUMBER IDENTIFIER |
| control field |
OSt |
| 005 - DATE AND TIME OF LATEST TRANSACTION |
| control field |
20241106093048.0 |
| 008 - FIXED-LENGTH DATA ELEMENTS--GENERAL INFORMATION |
| fixed length control field |
140515r20142000enk d 000 1 eng |
| 020 ## - INTERNATIONAL STANDARD BOOK NUMBER |
| International Standard Book Number |
9781408855683 |
| Qualifying information |
(pbk.) : |
| 040 ## - CATALOGING SOURCE |
| Original cataloging agency |
StDuBDS |
| Language of cataloging |
eng |
| Transcribing agency |
StDuBDS |
| Modifying agency |
UkOxU |
| -- |
TAE |
| -- |
NCU |
| -- |
KH8 |
| 042 ## - AUTHENTICATION CODE |
| Authentication code |
nbic |
| 082 0# - DEWEY DECIMAL CLASSIFICATION NUMBER |
| Classification number |
FIC ROW |
| 100 1# - MAIN ENTRY--PERSONAL NAME |
| Personal name |
Rowling, J. K. |
| Relator term |
author |
| 245 10 - TITLE STATEMENT |
| Title |
Harry Potter and the goblet of fire / |
| Statement of responsibility, etc. |
J.K. Rowling. |
| 260 ## - PUBLICATION, DISTRIBUTION, ETC. |
| Place of publication, distribution, etc. |
London : |
| Name of publisher, distributor, etc. |
Bloomsbury, |
| Date of publication, distribution, etc. |
2014. |
| 300 ## - PHYSICAL DESCRIPTION |
| Extent |
616 p. ; |
| Dimensions |
20 cm. |
| 490 1# - SERIES STATEMENT |
| Series statement |
Harry Potter series ; |
| Volume/sequential designation |
4. |
| 500 ## - GENERAL NOTE |
| General note |
Originally published: 2000. |
| 500 ## - GENERAL NOTE |
| General note |
When the Quidditch World Cup is disrupted by Voldemort's rampaging supporters and the terrifying Dark Mark appears against the night sky, it is obvious to Harry Potter that, far from weakening, Voldemort is getting stronger. Back at Hogwarts for the fourth year Harry is astonished to be chosen to represent the school in the Triwizard Tournament. The competition is dangerous, the tasks terrifying, and true courage is no guarantee of survival - especially with the Dark Lord's forces on the rise. |
| 521 1# - TARGET AUDIENCE NOTE |
| Target audience note |
Ages 13-18. |
| 600 10 - SUBJECT ADDED ENTRY--PERSONAL NAME |
| Personal name |
Potter, Harry |
| Titles and other words associated with a name |
(Fictitious character) |
| Form subdivision |
Juvenile fiction. |
| 650 #0 - SUBJECT ADDED ENTRY--TOPICAL TERM |
| Topical term or geographic name entry element |
Hogwarts School of Witchcraft and Wizardry (Imaginary organization). |
| Form subdivision |
Juvenile fiction. |
| 650 #0 - SUBJECT ADDED ENTRY--TOPICAL TERM |
| Topical term or geographic name entry element |
Wizards |
| Form subdivision |
Juvenile fiction. |
| 800 1# - SERIES ADDED ENTRY--PERSONAL NAME |
| Personal name |
Rowling, J. K. |
| Title of a work |
Harry Potter series ; |
| Volume/sequential designation |
4. |
| 942 ## - ADDED ENTRY ELEMENTS (KOHA) |
| Source of classification or shelving scheme |
|
| Koha item type |
Books - Fiction |